[Event "Olympiad Women-44"]
[Site "Chennai"]
[Date "2022.08.09"]
[Round "11.3"]
[White "Seder, Randa"]
[Black "Otisitswe, Ruth"]
[Result "0-1"]
[WhiteElo "1442"]
[BlackElo "1552"]
[PlyCount "90"]
[EventDate "2022.07.29"]
[EventType "team-swiss"]
[EventRounds "11"]
[EventCountry "IND"]
[SourceTitle "CBM 210"]
[Source "ChessBase"]
[SourceDate "2022.10.31"]
[SourceVersion "1"]
[SourceVersionDate "2022.10.31"]
[SourceQuality "1"]
[WhiteTeam "Palestine (W)"]
[BlackTeam "Botswana (W)"]
[WhiteTeamCountry "PLE"]
[BlackTeamCountry "BOT"]

1. e4 e5 2. Nf3 d6 3. Nc3 Nf6 4. d4 Nbd7 5. Bg5 Be7 6. Qd2 c6 7. dxe5 dxe5 8. Be2 b5 9. Bxf6 Bxf6 10. Qd6 Qb6 11. 0-0-0 Be7 12. Qd2 Qxf2 13. Rhg1 Qb6 14. Qd3 Nc5 15. Qe3 Nb3+ 16. axb3 Qxe3+ 17. Kb1 b4 18. Rd3 Qxg1+ 19. Nxg1 bxc3 20. Rxc3 Bb7 21. Nf3 f6 22. Nh4 g6 23. Nf3 Bd6 24. Ba6 Bxa6 25. Rxc6 Be2 26. Rxd6 Bxf3 27. gxf3 Ke7 28. Rc6 Rhc8 29. Ra6 Rcb8 30. Rc6 Rb7 31. Rc4 Kd6 32. Rc3 f5 33. Rd3+ Ke6 34. Rc3 Rd8 35. exf5+ Kxf5 36. h3 Rd2 37. Rc4 Rf2 38. Rc3 Rh2 39. h4 Rxh4 40. Rd3 Rb6 41. Kc1 Kf4 42. Kd2 Rh2+ 43. Kc1 Ra6 44. Rd4+ exd4 45. Kb1 Rh1# 0-1

[Event "Olympiad Women-44"]
[Site "Chennai"]
[Date "2022.08.01"]
[Round "4.3"]
[White "Estur, Grace Co"]
[Black "Otisitswe, Ruth"]
[Result "0-1"]
[WhiteElo "1472"]
[BlackElo "1552"]
[PlyCount "126"]
[EventDate "2022.07.29"]
[EventType "team-swiss"]
[EventRounds "11"]
[EventCountry "IND"]
[SourceTitle "CBM 210"]
[Source "ChessBase"]
[SourceDate "2022.10.31"]
[SourceVersion "1"]
[SourceVersionDate "2022.10.31"]
[SourceQuality "1"]
[WhiteTeam "Guam (W)"]
[BlackTeam "Botswana (W)"]
[WhiteTeamCountry "GMA"]
[BlackTeamCountry "BOT"]

1. d4 Nf6 2. b3 g6 3. Bb2 Bg7 4. Nd2 d5 5. e3 Bf5 6. Ngf3 a5 7. Ne5 Nbd7 8. Nd3 0-0 9. Be2 Qc8 10. 0-0 c5 11. c4 dxc4 12. Nxc4 cxd4 13. Rc1 Qd8 14. exd4 b5 15. Nce5 Nd5 16. Nc6 Qe8 17. Qd2 b4 18. f4 N7f6 19. Bf3 Ra6 20. Nde5 Bd7 21. Nxd7 Qxd7 22. Ne5 Qd6 23. Rfe1 e6 24. Rc2 Nd7 25. Rec1 Ne7 26. Qe2 Ra7 27. Nxd7 Rxd7 28. Rc4 Qxf4 29. d5 Qd6 30. Bxg7 Kxg7 31. dxe6 Qxe6 32. Qxe6 fxe6 33. Rc7 Rfd8 34. Bg4 Nf5 35. Rxd7+ Rxd7 36. Re1 Kf6 37. h4 Rd2 38. h5 Rxa2 39. hxg6 hxg6 40. Rf1 Ra3 41. Bd1 Kg5 42. Rf3 e5 43. Rd3 Nd4 44. Kf2 a4 45. Rg3+ Kf6 46. bxa4 Rxg3 47. Kxg3 b3 48. Bxb3 Nxb3 49. Kf3 Kf5 50. g4+ Kg5 51. Kg3 e4 52. Kh3 Kf4 53. g5 Kxg5 54. Kg3 Kf5 55. Kf2 Kf4 56. Ke2 g5 57. Kf2 e3+ 58. Ke2 g4 59. Ke1 Kf3 60. Kf1 e2+ 61. Ke1 g3 62. a5 g2 63. a6 g1Q# 0-1

[Event "Wch FIDE Online U16 Girls Africa qual"]
[Site "Tornelo INT"]
[Date "2020.11.29"]
[Round "3"]
[White "Otisitswe, Ruth"]
[Black "Van Jaarsveld, Anje"]
[Result "1-0"]
[WhiteElo "1591"]
[BlackElo "1255"]
[PlyCount "131"]
[EventDate "2020.11.28"]
[EventType "swiss (rapid)"]
[EventRounds "7"]
[EventCountry "ISS"]
[SourceTitle "EXT 2022"]
[Source "ChessBase"]
[SourceDate "2021.10.06"]
[SourceVersion "1"]
[SourceVersionDate "2021.10.06"]
[SourceQuality "1"]

1. e4 e6 2. d3 d5 3. exd5 exd5 4. Nf3 Nf6 5. g3 Be7 6. Bg2 0-0 7. 0-0 Bg4 8. b3 c5 9. c3 Nc6 10. Qd2 Re8 11. Bb2 Qd7 12. Na3 Rad8 13. Nc2 a6 14. Ne3 Bh5 15. Nc2 Bg6 16. Rfe1 Bh5 17. Rac1 b5 18. Ra1 Bg4 19. d4 cxd4 20. Ncxd4 Nxd4 21. Qxd4 Qc6 22. Ne5 Qc7 23. Nxg4 Nxg4 24. Qxg4 Bf6 25. Qf3 Qc5 26. Rxe8+ Rxe8 27. Qxd5 Qc7 28. Qc6 Qe7 29. Qxa6 Qc5 30. Qc6 Qxc6 31. Bxc6 Rb8 32. Rb1 h6 33. f4 Rb6 34. Be4 Re6 35. Bf3 Re3 36. Kf2 Re6 37. Be2 Rb6 38. c4 bxc4 39. Bxf6 Rxf6 40. Bxc4 g5 41. Ke3 Kg7 42. fxg5 hxg5 43. a4 g4 44. Rb2 Rf3+ 45. Ke4 f5+ 46. Ke5 Kg6 47. a5 Re3+ 48. Kd6 Re8 49. a6 Ra8 50. Kc7 Re8 51. b4 Kf6 52. b5 Re7+ 53. Kd6 Re4 54. Bd5 Re8 55. a7 Rd8+ 56. Kc6 Ke5 57. Re2+ Kf6 58. Re6+ Kg5 59. b6 f4 60. gxf4+ Kxf4 61. b7 Rh8 62. b8Q+ Rxb8 63. axb8Q+ Kf5 64. Qf8+ Kg5 65. Qf6+ Kh5 66. Re5# 1-0

[Event "Fide Inter Con Cup U18"]
[Site "Tornelo INT"]
[Date "2020.10.10"]
[Round "4"]
[White "Otisitswe, Ruth"]
[Black "Kamalidenova, Meruert"]
[Result "0-1"]
[WhiteElo "1591"]
[BlackElo "2231"]
[PlyCount "78"]
[EventDate "2020.10.10"]
[EventType "swiss (rapid)"]
[EventRounds "6"]
[EventCountry "NET"]
[SourceTitle "EXT 2022"]
[Source "ChessBase"]
[SourceDate "2021.10.06"]
[SourceVersion "1"]
[SourceVersionDate "2021.10.06"]
[SourceQuality "1"]

1. e4 c5 2. c3 Nf6 3. Qc2 Nc6 4. Nf3 d6 5. d4 cxd4 6. cxd4 g6 7. a3 Bg7 8. Be3 0-0 9. Be2 Bd7 10. 0-0 Rc8 11. Qd3 a6 12. Nc3 Na5 13. h3 Nc4 14. Bc1 b5 15. b3 Na5 16. Rb1 d5 17. Nd2 dxe4 18. Ndxe4 Bf5 19. Rb2 Nxe4 20. Nxe4 Qxd4 21. Qxd4 Bxd4 22. Rd2 Nxb3 23. Rxd4 Nxd4 24. Bd3 Bxe4 25. Bxe4 Rxc1 26. Rxc1 Ne2+ 27. Kf1 Nxc1 28. Ke1 Rd8 29. Bb7 Nd3+ 30. Ke2 Nc5 31. Bf3 Rd3 32. Bc6 Rxa3 33. f4 b4 34. Bd5 b3 35. Kd2 b2 36. Kc2 Na4 37. Be4 Re3 38. Bf3 Re1 39. Bd1 Rxd1 0-1

[Event "Africa-ch U16 Girls"]
[Site "Windhoek"]
[Date "2019.12.20"]
[Round "7.2"]
[White "Da Costa, Olga"]
[Black "Otisitswe, Ruth"]
[Result "1-0"]
[WhiteElo "1402"]
[BlackElo "1634"]
[PlyCount "27"]
[EventDate "2019.12.16"]
[EventType "swiss"]
[EventRounds "9"]
[EventCountry "NAM"]
[SourceTitle "EXT 2024"]
[Source "ChessBase"]
[SourceDate "2023.10.10"]
[SourceVersion "1"]
[SourceVersionDate "2023.10.10"]
[SourceQuality "1"]

1. e4 c5 2. Nf3 g6 3. d4 cxd4 4. Nxd4 Bg7 5. Bc4 Qc7 6. Bb3 Qe5 7. Be3 Qxe4 8. 0-0 a6 9. Nc3 Qe5 10. Qf3 e6 11. Rad1 Qf6 12. Qg3 Nc6 13. Nxc6 bxc6 14. Bd4 1-0

[Event "Africa-ch U16 Girls"]
[Site "Windhoek"]
[Date "2019.12.17"]
[Round "3.1"]
[White "Nassr, Lina"]
[Black "Otisitswe, Ruth"]
[Result "1-0"]
[WhiteElo "1944"]
[BlackElo "1634"]
[PlyCount "85"]
[EventDate "2019.12.16"]
[EventType "swiss"]
[EventRounds "9"]
[EventCountry "NAM"]
[SourceTitle "EXT 2024"]
[Source "ChessBase"]
[SourceDate "2023.10.10"]
[SourceVersion "1"]
[SourceVersionDate "2023.10.10"]
[SourceQuality "1"]

1. c4 Nf6 2. Nc3 g6 3. Nf3 Bg7 4. e3 d6 5. d4 0-0 6. Be2 Nbd7 7. 0-0 e5 8. b3 a6 9. Ba3 Re8 10. Qc2 exd4 11. Nxd4 h5 12. Rad1 Ng4 13. h3 Nh6 14. Rfe1 Ne5 15. Nf3 b6 16. Nxe5 Rxe5 17. Nd5 Re8 18. Bf3 Ra7 19. b4 Qg5 20. e4 Qe5 21. Bc1 Qe6 22. Bg5 Kh7 23. Re2 f6 24. Be3 Nf7 25. Nf4 Qe7 26. e5 Nxe5 27. Bxh5 f5 28. Nxg6 Qd7 29. Nxe5 Rxe5 30. Bd4 Rxe2 31. Qxe2 Bxd4 32. Rxd4 Qg7 33. Rh4 Qa1+ 34. Kh2 Qe5+ 35. Qxe5 dxe5 36. Be8+ Kg7 37. Bc6 Bb7 38. Bxb7 Rxb7 39. g4 f4 40. Rh5 Kf6 41. Kg2 c5 42. bxc5 bxc5 43. Rh6+ 1-0

[Event "World School-ch U15 Girls"]
[Site "Antalya"]
[Date "2019.04.22"]
[Round "5"]
[White "Otisitswe, Ruth"]
[Black "Ince, Safiye Oyku"]
[Result "0-1"]
[WhiteElo "1574"]
[BlackElo "1878"]
[PlyCount "56"]
[EventDate "2019.04.18"]
[EventType "swiss"]
[EventRounds "9"]
[EventCountry "TUR"]
[SourceTitle "CBM 190 Extra"]
[Source "ChessBase"]
[SourceDate "2019.07.15"]
[SourceVersion "1"]
[SourceVersionDate "2019.07.15"]
[SourceQuality "1"]

1. e4 c5 2. c3 d5 3. exd5 Qxd5 4. Qb3 Nf6 5. Qxd5 Nxd5 6. g3 Nc6 7. Bg2 e6 8. Nf3 Be7 9. d3 0-0 10. Be3 Nxe3 11. fxe3 e5 12. Na3 Be6 13. 0-0 Rad8 14. Rfd1 Rd7 15. Nc4 f6 16. b3 Rfd8 17. Ne1 Nb8 18. Na5 b6 19. Nc6 Nxc6 20. Bxc6 Rd6 21. Bf3 f5 22. e4 g5 23. Kf2 g4 24. Be2 f4 25. gxf4 exf4 26. c4 Bh4+ 27. Kg2 f3+ 28. Bxf3 Bxe1 0-1

[Event "World School-ch U15 Girls"]
[Site "Antalya"]
[Date "2019.04.20"]
[Round "3"]
[White "Otisitswe, Ruth"]
[Black "Lochina, Justyna"]
[Result "1-0"]
[WhiteElo "1574"]
[BlackElo "1352"]
[PlyCount "117"]
[EventDate "2019.04.18"]
[EventType "swiss"]
[EventRounds "9"]
[EventCountry "TUR"]
[SourceTitle "CBM 190 Extra"]
[Source "ChessBase"]
[SourceDate "2019.07.15"]
[SourceVersion "1"]
[SourceVersionDate "2019.07.15"]
[SourceQuality "1"]

1. e4 e5 2. Nf3 Nf6 3. Bc4 Bc5 4. 0-0 d6 5. c3 Bg4 6. d3 h6 7. Nbd2 Nc6 8. a4 a5 9. Re1 0-0 10. h3 Be6 11. Qe2 Re8 12. Bxe6 Rxe6 13. Nf1 d5 14. Ng3 d4 15. Nf5 Ne7 16. Bxh6 gxh6 17. Nxh6+ Kg7 18. Nxf7 Kxf7 19. Ng5+ Ke8 20. Nxe6 Qd6 21. Nxc5 Qxc5 22. cxd4 Qxd4 23. Rec1 Qd6 24. Qe3 Kd7 25. Qh6 Rg8 26. Kf1 Nc6 27. Rc3 Rf8 28. Qg7+ Qe7 29. Qxe7+ Kxe7 30. g3 Kd6 31. Rac1 Nd7 32. Kg2 Nb6 33. b3 Rf7 34. Rh1 Nd4 35. h4 Nd7 36. h5 Nf6 37. h6 Rh7 38. Rh4 Ng8 39. g4 Ne6 40. Kg3 Nxh6 41. Rc1 Ng5 42. Rch1 Ngf7 43. g5 Rg7 44. Rxh6+ Nxh6 45. Rxh6+ Kc5 46. f4 exf4+ 47. Kxf4 Kb4 48. e5 Kxb3 49. Kf5 b5 50. axb5 a4 51. Kf6 Rg8 52. g6 a3 53. g7 a2 54. Rh1 Kb2 55. Kf7 Rd8 56. g8Q Rxg8 57. Kxg8 a1Q 58. Rxa1 Kxa1 59. e6 1-0

[Event "World School-ch U15 Girls"]
[Site "Antalya"]
[Date "2019.04.18"]
[Round "1"]
[White "Otisitswe, Ruth"]
[Black "Nurgali, Nazerke"]
[Result "0-1"]
[WhiteElo "1574"]
[BlackElo "2101"]
[PlyCount "122"]
[EventDate "2019.04.18"]
[EventType "swiss"]
[EventRounds "9"]
[EventCountry "TUR"]
[SourceTitle "CBM 190 Extra"]
[Source "ChessBase"]
[SourceDate "2019.07.15"]
[SourceVersion "1"]
[SourceVersionDate "2019.07.15"]
[SourceQuality "1"]

1. e4 c6 2. d4 d5 3. exd5 cxd5 4. Bd3 Nc6 5. Ne2 Nf6 6. 0-0 g6 7. c3 Bg7 8. Kh1 0-0 9. f4 e6 10. h3 a6 11. Be3 b5 12. a3 Na5 13. b3 Bd7 14. Nd2 Nb7 15. Qb1 Nd6 16. Ra2 a5 17. b4 Nc4 18. Nxc4 dxc4 19. Bc2 Bc6 20. Ng3 Nd5 21. Bd2 f5 22. Qe1 Re8 23. bxa5 Rxa5 24. Qf2 Qd6 25. Rfa1 Rea8 26. Qe1 Kf7 27. Qc1 Bf8 28. a4 Nb6 29. Bd1 Qd7 30. Nf1 Bd6 31. Ne3 Qb7 32. Kg1 Nd5 33. g3 Nxe3 34. Bxe3 bxa4 35. Be2 Qb5 36. Rb1 Qd5 37. Qf1 Qh1+ 38. Kf2 Qh2+ 39. Ke1 Qxg3+ 40. Kd2 Bg2 41. Qe1 Qxe1+ 42. Kxe1 Bd5 43. Rb6 R8a6 44. Rb1 a3 45. Bc1 h6 46. Kf2 Kf6 47. h4 Be7 48. Rb8 Ra8 49. Rb6 Kf7 50. Kg3 Rg8 51. Rb1 Bd6 52. Rb6 Ke7 53. Kh3 g5 54. fxg5 hxg5 55. Bxg5+ Kd7 56. Rb1 Kc6 57. Rf1 Rb5 58. Bf3 Rb3 59. Bxd5+ Kxd5 60. Rf3 Rb2 61. Rf2 Rgb8 0-1

[Event "BOT-ch (Women)"]
[Site "Gaborone"]
[Date "2018.03.31"]
[Round "4.2"]
[White "Botlhole, Kgalalelo"]
[Black "Otisitswe, Ruth"]
[Result "1-0"]
[WhiteElo "1705"]
[BlackElo "1448"]
[PlyCount "77"]
[EventDate "2018.03.30"]
[EventType "swiss"]
[EventRounds "7"]
[EventCountry "BOT"]
[SourceTitle "EXT 2024"]
[Source "ChessBase"]
[SourceDate "2023.10.10"]
[SourceVersion "1"]
[SourceVersionDate "2023.10.10"]
[SourceQuality "1"]

1. c4 c5 2. Nf3 d6 3. d4 cxd4 4. Nxd4 Nc6 5. Nc3 e5 6. Nxc6 bxc6 7. g3 Nf6 8. Bg2 Qd7 9. 0-0 Be7 10. Qa4 Bb7 11. Rd1 0-0 12. Bg5 Rfd8 13. Bxf6 Bxf6 14. Ne4 Be7 15. Nc5 Qc7 16. Nxb7 Rdc8 17. Na5 Rab8 18. Nxc6 Rxb2 19. Nxe7+ Qxe7 20. Bf1 h5 21. Rab1 Rcb8 22. Rxb2 Rxb2 23. Qa3 Rb6 24. Qf3 g6 25. h4 Kg7 26. Qd3 Kf8 27. Rb1 Rc6 28. Bg2 Rc7 29. Qd5 Qe6 30. Rb7 Rxc4 31. Qxe6 fxe6 32. Rxa7 Rc1+ 33. Kh2 Rc2 34. Bf1 d5 35. Kg2 d4 36. e3 e4 37. Ra5 Rd2 38. Ba6 Ke7 39. Bb7 1-0

[Event "African School-ch U13 Girls"]
[Site "Harare"]
[Date "2017.08.26"]
[Round "8.1"]
[White "Otisitswe, Ruth"]
[Black "Mawire, Rumbidzai"]
[Result "0-1"]
[WhiteElo "1104"]
[BlackElo "1286"]
[PlyCount "50"]
[EventDate "2017.08.21"]
[EventType "swiss"]
[EventRounds "9"]
[EventCountry "ZIM"]
[SourceTitle "EXT 2024"]
[Source "ChessBase"]
[SourceDate "2023.10.10"]
[SourceVersion "1"]
[SourceVersionDate "2023.10.10"]
[SourceQuality "1"]

1. e4 e5 2. Nf3 Nc6 3. Bc4 Nf6 4. d3 Bc5 5. Bg5 h6 6. Bh4 d6 7. Nbd2 a6 8. a4 Bg4 9. h3 Bxf3 10. Nxf3 Qe7 11. c3 0-0 12. Bd5 Rab8 13. Bxc6 bxc6 14. b3 Qe6 15. Nd2 d5 16. b4 Be7 17. exd5 Nxd5 18. Bxe7 Qxe7 19. Rc1 Nf4 20. Qf3 Rfd8 21. Kd1 Nxd3 22. Rb1 e4 23. Qe2 Qf6 24. Kc2 Qe6 25. Qxe4 Qa2+ 0-1

[Event "African School-ch U13 Girls"]
[Site "Harare"]
[Date "2017.08.23"]
[Round "5.3"]
[White "Otisitswe, Ruth"]
[Black "Muthoni, Vivian"]
[Result "1-0"]
[WhiteElo "1104"]
[BlackElo "1529"]
[PlyCount "91"]
[EventDate "2017.08.21"]
[EventType "swiss"]
[EventRounds "9"]
[EventCountry "ZIM"]
[SourceTitle "EXT 2024"]
[Source "ChessBase"]
[SourceDate "2023.10.10"]
[SourceVersion "1"]
[SourceVersionDate "2023.10.10"]
[SourceQuality "1"]

1. e4 e5 2. Nf3 Nc6 3. Bc4 Nf6 4. Nc3 Bc5 5. d3 h6 6. Ne2 0-0 7. 0-0 d6 8. c3 a6 9. a4 Be6 10. Ba2 d5 11. exd5 Bxd5 12. Nxe5 Nxe5 13. d4 Bd6 14. dxe5 Bxe5 15. Bf4 Qd6 16. Bxd5 Nxd5 17. Bxe5 Qxe5 18. Re1 Qg5 19. Qb3 Rab8 20. Rad1 Nf4 21. Nxf4 Qxf4 22. h3 b5 23. axb5 Rxb5 24. Qa2 Rb6 25. Rd4 Qf6 26. b4 Rc6 27. Rc4 Rxc4 28. Qxc4 Qb6 29. Re7 a5 30. bxa5 Qxa5 31. Rxc7 Qe5 32. f4 Qe3+ 33. Kh1 Qg3 34. Rc8 Rxc8 35. Qxc8+ Kh7 36. Qf5+ Kg8 37. c4 Qc3 38. c5 Kf8 39. Qc8+ Ke7 40. Qc7+ Kf6 41. Qd6+ Kf5 42. c6 Ke4 43. c7 Ke3 44. Qe5+ Qxe5 45. fxe5 Ke4 46. c8Q 1-0